000 00515nab a22001457 4500
003 ES-SlBCS
005 20220929181114.0
008 220929s2022 it ||||| |||| 00| 0 ita d
040 _aES-SlBCS
_bspa
041 _aita
100 1 _aPalpacelli, Lucia
_9198017
245 1 3 _aIl desiderio come motore: dal De anima alla Metafisica sulle tracce di un concetto complesso
_cLucia Palpacelli
773 0 _gVol. 114, fasc. 2, 2022, págs. 349-356
_tRivista di Filosofia Neo-Scolastica
_wRev392
_x0035-6247
942 _2lcc
_cAR
999 _c884455
_d884455